00773cam a2200193Ia 4500008004100000020002500041245008100066260003800147300003200185440012500217500006300342504004100405650003400446700001600480710005600496003000100552005001700553040000900570  a9781907161452 (pbk.)00aSediment dynamics from the summit to the sea /cprinciple editor, Y. Jun Xu. aWallingford :bIAHS Press,c2014. ax, 470 p. :bill. ;c24 cm.0 aInternational Association of Hydrological Sciences (IAHS) IAHS Series of Proceedings and Reports Publication ;vNo. 367. a"Proceedings of ICCE2014, New Orleans, USA December 2014." aIncludes bibliographical references. 0aSedimentation and deposition.1 aXu, Y. Jun.2 aInternational Association of Hydrological Sciences.20230123122139.0 cNUST